<?xml version="1.0" encoding="UTF-8"?>
<collection xmlns="http://www.loc.gov/MARC21/slim">
 <record>
  <leader>00687pamaa2200229   4500</leader>
  <controlfield tag="001">0000045012</controlfield>
  <controlfield tag="005">20130117090000.0</controlfield>
  <controlfield tag="008">090324                             eng  </controlfield>
  <datafield tag="020" ind1="0" ind2="0">
   <subfield code="a">9780273708223 (pbk) </subfield>
  </datafield>
  <datafield tag="082" ind1=" " ind2=" ">
   <subfield code="a">330 APP 2007</subfield>
  </datafield>
  <datafield tag="090" ind1="0" ind2="0">
   <subfield code="a">HB171.5 </subfield>
   <subfield code="b">APP 2007</subfield>
  </datafield>
  <datafield tag="245" ind1="1" ind2="0">
   <subfield code="a">Applied economics  </subfield>
   <subfield code="c">edited by Alan Griffiths and Stuart Wall.</subfield>
  </datafield>
  <datafield tag="250" ind1="0" ind2="0">
   <subfield code="a">11th ed.</subfield>
  </datafield>
  <datafield tag="260" ind1="0" ind2="0">
   <subfield code="a">Harlow, England: </subfield>
   <subfield code="b">FT/Prentice Hall, </subfield>
   <subfield code="c">2007.</subfield>
  </datafield>
  <datafield tag="300" ind1=" " ind2=" ">
   <subfield code="a">xvi, 670p.: </subfield>
   <subfield code="b">ill.; </subfield>
   <subfield code="c">25 cm.</subfield>
  </datafield>
  <datafield tag="501" ind1="0" ind2="0">
   <subfield code="a">BATUH</subfield>
  </datafield>
  <datafield tag="501" ind1="0" ind2="0">
   <subfield code="a">BBDUH</subfield>
  </datafield>
  <datafield tag="504" ind1="0" ind2="0">
   <subfield code="a">Includes bibliographical references and index</subfield>
  </datafield>
  <datafield tag="650" ind1="0" ind2="0">
   <subfield code="a">Economics </subfield>
  </datafield>
  <datafield tag="700" ind1="1" ind2="1">
   <subfield code="a">Wall, </subfield>
   <subfield code="h">Stuart </subfield>
  </datafield>
  <datafield tag="700" ind1="1" ind2="1">
   <subfield code="a">Griffiths, </subfield>
   <subfield code="h">Alan </subfield>
  </datafield>
  <datafield tag="901" ind1=" " ind2=" ">
   <subfield code="u">http://www.pearsons-book.com</subfield>
  </datafield>
 </record>
</collection>
